[Event "18. Open de Gros 2008"]
[Site "San Sebastián ESP"]
[Date "2008.09.20"]
[Round "1.2"]
[White "Moreno Romero, Ernesto"]
[Black "Ninov, Nikolai"]
[Result "0-1"]
[WhiteElo "1809"]
[BlackElo "2515"]
[PlyCount "48"]
[EventDate "2008.09.20"]
[EventType "swiss"]
[EventRounds "9"]
[EventCountry "ESP"]
[Source "lmi"]
[SourceDate "2008.09.20"]

1. e4 c5 2. Nf3 Nf6 3. Nc3 d6 4. d4 cxd4 5. Nxd4 a6 6. a4 Nc6 7. Be2 e5 8. Nxc6
bxc6 9. O-O Be7 10. h3 O-O 11. Be3 Rb8 12. b3 d5 13. exd5 cxd5 14. Bc1 d4 15.
Nb1 Bb7 16. Bb2 Qd5 17. f3 Nh5 18. Bd3 Nf4 19. Be4 Qe6 20. Re1 Bxe4 21. Rxe4
Qg6 22. Rxf4 exf4 23. Bxd4 Rfd8 24. c3 Bc5 0-1

[Event "18. Open de Gros 2008"]
[Site "San Sebastián ESP"]
[Date "2008.09.20"]
[Round "1.3"]
[White "Meijers, Viesturs"]
[Black "Iglesias Gonzalez, Veronica"]
[Result "1-0"]
[WhiteElo "2496"]
[BlackElo "1804"]
[PlyCount "85"]
[EventDate "2008.09.20"]
[EventType "swiss"]
[EventRounds "9"]
[EventCountry "ESP"]
[Source "lmi"]
[SourceDate "2008.09.20"]

1. e4 e5 2. Nf3 d6 3. d4 exd4 4. Nxd4 Nf6 5. Nc3 c6 6. Nde2 Be6 7. Nf4 Nbd7 8.
Nxe6 fxe6 9. g3 Qa5 10. Qe2 Be7 11. Bd2 Qc7 12. Bh3 Nf8 13. e5 N6d7 14. exd6
Qxd6 15. O-O-O O-O-O 16. Bf4 Qc5 17. Ne4 Qa5 18. Bd6 Bf6 19. Kb1 Ne5 20. Nxf6
gxf6 21. f4 Ned7 22. Bxf8 Nxf8 23. Bxe6+ Kb8 24. Rxd8+ Qxd8 25. Bf5 Ng6 26. Rd1
Qa5 27. Qd3 a6 28. a3 Ka8 29. Bxg6 hxg6 30. Qxg6 Rxh2 31. Qxf6 Ka7 32. Qd4+ c5
33. Qe3 Qc7 34. f5 Rh3 35. Rg1 Qc6 36. b4 b6 37. Qe7+ Kb8 38. f6 Rh1 39. Rxh1
Qxh1+ 40. Kb2 cxb4 41. axb4 Qg1 42. Qd6+ Kb7 43. f7 1-0

[Event "18. Open de Gros 2008"]
[Site "San Sebastián ESP"]
[Date "2008.09.20"]
[Round "1.4"]
[White "Garro Beraza, Julen"]
[Black "Simutowe, Amon"]
[Result "0-1"]
[WhiteElo "1793"]
[BlackElo "2458"]
[PlyCount "116"]
[EventDate "2008.09.20"]
[EventType "swiss"]
[EventRounds "9"]
[EventCountry "ESP"]
[Source "lmi"]
[SourceDate "2008.09.20"]

1. e4 c6 2. d4 d5 3. exd5 cxd5 4. Bd3 Nc6 5. c3 Nf6 6. Bf4 g6 7. Nd2 Bg7 8.
Ngf3 O-O 9. O-O Nh5 10. Bg3 f6 11. c4 Be6 12. Re1 Bf7 13. Rc1 Rc8 14. cxd5 Bxd5
15. Bc4 Kh8 16. Bxd5 Qxd5 17. Qb3 Qxb3 18. Nxb3 Nxg3 19. hxg3 Rfd8 20. Rcd1 Rd5
21. Rd2 Rcd8 22. Kf1 b6 23. Kg1 Kg8 24. Kf1 Kf7 25. Red1 Bh6 26. Rc2 R5d6 27.
Ke2 R8d7 28. Rc4 e6 29. Rh1 Bg7 30. Rxh7 g5 31. g4 Kg6 32. Rh1 b5 33. Rc5 a6
34. Rhc1 Nb4 35. a3 Nd5 36. Rc6 Nf4+ 37. Kf1 Nd3 38. Rxd6 Rxd6 39. Rc2 e5 40.
dxe5 fxe5 41. Rd2 e4 42. Ne1 Rc6 43. Nxd3 exd3 44. Rxd3 Bxb2 45. Nd2 Bf6 46.
Ne4 Be7 47. g3 Rc4 48. Nd2 Ra4 49. Nb1 Rxg4 50. Kg2 Rc4 51. Nd2 Rc2 52. Nf3 Bc5
53. Ne5+ Kf5 54. Nd7 Rxf2+ 55. Kh1 Ba7 56. Rd6 Kg4 57. Ne5+ Kh3 58. Rh6+ Kxg3
0-1

[Event "18. Open de Gros 2008"]
[Site "San Sebastián ESP"]
[Date "2008.09.20"]
[Round "1.5"]
[White "Inkiov, Ventzislav"]
[Black "Burgana Lardizabal, Jose Angel"]
[Result "1-0"]
[WhiteElo "2446"]
[BlackElo "1777"]
[PlyCount "69"]
[EventDate "2008.09.20"]
[EventType "swiss"]
[EventRounds "9"]
[EventCountry "ESP"]
[Source "lmi"]
[SourceDate "2008.09.20"]

1. d4 d5 2. c4 e6 3. Nf3 Nf6 4. g3 dxc4 5. Bg2 Bb4+ 6. Bd2 a5 7. O-O O-O 8. Qc2
b5 9. a4 Bxd2 10. Nbxd2 b4 11. Nxc4 Bb7 12. Nce5 Be4 13. Qc1 Ra6 14. Qf4 Nc6
15. Rac1 Ne7 16. Rfd1 Ned5 17. Qh4 Qd6 18. Rc5 Nb6 19. b3 Bd5 20. Rd3 Nbd7 21.
Nc4 Bxc4 22. Rxc4 Rc6 23. Ne5 Rxc4 24. Nxc4 Qa6 25. Qg5 Nb6 26. Qxa5 Qxa5 27.
Nxa5 Nbd5 28. Nc6 Nc3 29. Kf1 Nfd5 30. e4 Nf6 31. f3 Na2 32. Rd1 Ra8 33. Ra1
Nc3 34. a5 Ra6 35. Nxb4 1-0

[Event "18. Open de Gros 2008"]
[Site "San Sebastián ESP"]
[Date "2008.09.20"]
[Round "1.6"]
[White "Lazkano Gaite, Tomas"]
[Black "Spassov, Liuben"]
[Result "0-1"]
[WhiteElo "1777"]
[BlackElo "2428"]
[PlyCount "86"]
[EventDate "2008.09.20"]
[EventType "swiss"]
[EventRounds "9"]
[EventCountry "ESP"]
[Source "lmi"]
[SourceDate "2008.09.20"]

1. d4 Nf6 2. c4 e6 3. Nc3 Bb4 4. a3 Bxc3+ 5. bxc3 c5 6. e3 O-O 7. Bd3 Nc6 8.
Nf3 b6 9. O-O Ba6 10. e4 Ne8 11. Be3 Na5 12. Qe2 cxd4 13. cxd4 Rc8 14. Rac1 d6
15. e5 f6 16. Qc2 f5 17. Qe2 Qd7 18. Ng5 dxe5 19. dxe5 g6 20. Rfd1 Qe7 21. Nh3
Nb3 22. Rc3 Nc5 23. Bh6 Ng7 24. Bb1 Rfd8 25. Rxd8+ Qxd8 26. Bg5 Qd4 27. Rc1 Nh5
28. Ba2 Qd3 29. Qxd3 Nxd3 30. Rd1 Nxe5 31. c5 Bc4 32. Bxc4 Nxc4 33. c6 Ne5 34.
c7 Rxc7 35. f3 Nf7 36. Bh4 e5 37. g4 Ng7 38. Nf2 g5 39. gxf5 gxh4 40. Ng4 Nxf5
41. Nf6+ Kf8 42. Kg2 Rc6 43. Ne4 Ne3+ 0-1

[Event "18. Open de Gros 2008"]
[Site "San Sebastián ESP"]
[Date "2008.09.20"]
[Round "1.7"]
[White "Argandona Riveiro, Inigo"]
[Black "Izquierdo Arruferia, Joseba"]
[Result "1-0"]
[WhiteElo "2375"]
[BlackElo "1763"]
[PlyCount "97"]
[EventDate "2008.09.20"]
[EventType "swiss"]
[EventRounds "9"]
[EventCountry "ESP"]
[Source "lmi"]
[SourceDate "2008.09.20"]

1. Nf3 e6 2. c4 Nf6 3. b3 d5 4. Bb2 Be7 5. e3 O-O 6. g3 b6 7. Bg2 Bb7 8. O-O
dxc4 9. bxc4 c5 10. d4 Nbd7 11. Nbd2 Qc7 12. Rc1 Rac8 13. Qc2 Rfd8 14. Rfd1 Nf8
15. h4 Ng6 16. Ng5 Bxg2 17. Kxg2 h6 18. Nge4 Qb7 19. Kg1 Rd7 20. dxc5 Nxe4 21.
Nxe4 bxc5 22. Qc3 Rxd1+ 23. Rxd1 Bf8 24. Qc2 Qc7 25. h5 Ne5 26. Qc3 f6 27. Qc2
Qf7 28. Qe2 Nd7 29. Rxd7 Qxd7 30. Bxf6 Qf7 31. Qg4 Kh8 32. Bc3 Qf5 33. Qh4 Qf7
34. Kg2 Be7 35. Qg4 Bf8 36. f4 Qf5 37. Qf3 Qf7 38. g4 Be7 39. Qe2 Kg8 40. Be5
Rd8 41. Qb2 Bf8 42. Qc2 Qd7 43. Nf2 Qd2 44. Qg6 Qd7 45. Ne4 Qb7 46. Kg3 Kh8 47.
Qxh6+ Kg8 48. Qg6 Rd1 49. Nf6+ 1-0

[Event "18. Open de Gros 2008"]
[Site "San Sebastián ESP"]
[Date "2008.09.20"]
[Round "1.8"]
[White "Cotta Esnaola, Andoni"]
[Black "Marholev, Dimitar"]
[Result "0-1"]
[WhiteElo "1762"]
[BlackElo "2366"]
[PlyCount "46"]
[EventDate "2008.09.20"]
[EventType "swiss"]
[EventRounds "9"]
[EventCountry "ESP"]
[Source "lmi"]
[SourceDate "2008.09.20"]

1. e4 e5 2. Nf3 Nc6 3. Bb5 g6 4. O-O Bg7 5. c3 a6 6. Ba4 d6 7. h3 Nf6 8. Bxc6+
bxc6 9. Re1 O-O 10. d4 Nd7 11. Be3 Rb8 12. Nbd2 Qe8 13. Nb3 exd4 14. Nfxd4 c5
15. Nf3 Bb7 16. Nfd2 Ne5 17. f3 Nd3 18. Re2 Nxb2 19. Qc2 Na4 20. Nb1 Qe5 21.
Bd2 Nb6 22. Na3 c4 23. Nc1 Qc5+ 0-1

[Event "18. Open de Gros 2008"]
[Site "San Sebastián ESP"]
[Date "2008.09.20"]
[Round "1.9"]
[White "Rodriguez Gonzalez, Javier"]
[Black "Elduayen Etxabe, Inaki"]
[Result "1-0"]
[WhiteElo "2280"]
[BlackElo "1739"]
[PlyCount "77"]
[EventDate "2008.09.20"]
[EventType "swiss"]
[EventRounds "9"]
[EventCountry "ESP"]
[Source "lmi"]
[SourceDate "2008.09.20"]

1. d4 g6 2. c4 Bg7 3. Nc3 d6 4. e4 Nc6 5. Be3 e5 6. d5 Nce7 7. Qd2 f5 8. f3 Nf6
9. Bd3 a6 10. Nge2 f4 11. Bf2 g5 12. h3 Ng6 13. c5 Nh5 14. cxd6 Qxd6 15. O-O-O
Bd7 16. Kb1 Bf8 17. Rc1 Nh4 18. Rhg1 Be7 19. Bc2 b5 20. Bd3 O-O 21. Nd1 Rfc8
22. Bc5 Qf6 23. Nf2 Bxc5 24. Rxc5 Qd6 25. Qc3 Nf6 26. Bc2 c6 27. dxc6 Rxc6 28.
Rxc6 Bxc6 29. Rd1 Qc7 30. Bb3+ Kf8 31. Rc1 Rc8 32. Be6 Nd7 33. Bxd7 Qxd7 34.
Qxe5 Nxg2 35. Qxg5 Qd2 36. Qf5+ Ke7 37. Qxc8 Qxe2 38. Qxc6 Qxf2 39. Qb7+ 1-0

[Event "18. Open de Gros 2008"]
[Site "San Sebastián ESP"]
[Date "2008.09.20"]
[Round "1.10"]
[White "Boo Aldanondo, Alex"]
[Black "Martin Alvarez, Inigo"]
[Result "0-1"]
[WhiteElo "1683"]
[BlackElo "2200"]
[PlyCount "68"]
[EventDate "2008.09.20"]
[EventType "swiss"]
[EventRounds "9"]
[EventCountry "ESP"]
[Source "lmi"]
[SourceDate "2008.09.20"]

1. e4 c5 2. Nf3 e6 3. d4 cxd4 4. Nxd4 a6 5. Bd3 Nf6 6. O-O d6 7. c4 Bd7 8. Nc3
Nc6 9. Nxc6 Bxc6 10. f4 Be7 11. e5 dxe5 12. fxe5 Qd4+ 13. Kh1 Ng4 14. Qe2 Bc5
15. Nd1 Nxh2 16. Be3 Nxf1 17. Bxd4 Ng3+ 18. Kh2 Nxe2 19. Bxc5 Nf4 20. Nf2 Nxd3
21. Nxd3 O-O-O 22. Bd6 f6 23. c5 Rhe8 24. Rf1 Bb5 25. Rf3 Bxd3 26. exf6 gxf6
27. Rxd3 e5 28. Rf3 Re6 29. Rg3 e4 30. Kg1 Rexd6 31. cxd6 Rxd6 32. Rg4 f5 33.
Rg5 Rd1+ 34. Kh2 e3 0-1

[Event "18. Open de Gros 2008"]
[Site "San Sebastián ESP"]
[Date "2008.09.20"]
[Round "1.11"]
[White "Sanz Perez, Eduardo"]
[Black "Aizpurua Zufiria, Inaki"]
[Result "1-0"]
[WhiteElo "2154"]
[BlackElo "1675"]
[PlyCount "65"]
[EventDate "2008.09.20"]
[EventType "swiss"]
[EventRounds "9"]
[EventCountry "ESP"]
[Source "lmi"]
[SourceDate "2008.09.20"]

1. e4 c5 2. Nc3 Nc6 3. g3 Nf6 4. Bg2 g6 5. f4 d6 6. d3 Bg7 7. Nf3 O-O 8. O-O
Bg4 9. h3 Bd7 10. g4 a6 11. f5 b5 12. Be3 Rb8 13. Qd2 Nb4 14. a3 Nc6 15. Bh6 b4
16. axb4 cxb4 17. Bxg7 Kxg7 18. Ne2 a5 19. Ng3 Rc8 20. g5 Ne8 21. Rf2 e5 22. h4
Nc7 23. h5 Nb5 24. Raf1 Ncd4 25. Nxd4 Nxd4 26. fxg6 Be6 27. h6+ Kg8 28. g7 Re8
29. Nh5 f5 30. exf5 Rxc2 31. fxe6 Nf3+ 32. Bxf3 Rxd2 33. e7 1-0

[Event "18. Open de Gros 2008"]
[Site "San Sebastián ESP"]
[Date "2008.09.20"]
[Round "1.12"]
[White "Sanchez Merino, Christian"]
[Black "Lakunza Oyarbide, Juan Carlos"]
[Result "0-1"]
[WhiteElo "1666"]
[BlackElo "2122"]
[PlyCount "82"]
[EventDate "2008.09.20"]
[EventType "swiss"]
[EventRounds "9"]
[EventCountry "ESP"]
[Source "lmi"]
[SourceDate "2008.09.20"]

1. e4 c5 2. Nf3 Nc6 3. d4 cxd4 4. Nxd4 Nf6 5. Nc3 e5 6. Nf3 Bb4 7. Bg5 Qa5 8.
Qd3 Bxc3+ 9. Qxc3 Qxc3+ 10. bxc3 Nxe4 11. Bd2 d5 12. c4 Nxd2 13. Nxd2 Nd4 14.
O-O-O Be6 15. c3 Nc6 16. Be2 Rc8 17. Kb2 O-O 18. h4 Rc7 19. Rh2 Rfc8 20. cxd5
Bxd5 21. c4 Be6 22. Nb3 Ne7 23. Nd2 b5 24. Rc1 bxc4 25. Nb1 Rb8+ 26. Ka1 Nc6
27. Bd1 Nd4 28. g4 c3 29. f3 c2 30. Bxc2 Nxf3 31. Rf2 Rbc8 32. Bxh7+ Kxh7 33.
Rxc7 Rxc7 34. Rxf3 Bxg4 35. Re3 f6 36. Nc3 Rb7 37. Na4 Kh6 38. Re1 Kh5 39. Rh1
Rb4 40. Nb2 Bf5 41. Rf1 Rf4 0-1

[Event "18. Open de Gros 2008"]
[Site "San Sebastián ESP"]
[Date "2008.09.20"]
[Round "1.13"]
[White "Maruejols, Claude"]
[Black "Vallverdu Verge, Carme"]
[Result "1-0"]
[WhiteElo "2044"]
[BlackElo "1648"]
[PlyCount "75"]
[EventDate "2008.09.20"]
[EventType "swiss"]
[EventRounds "9"]
[EventCountry "ESP"]
[Source "lmi"]
[SourceDate "2008.09.20"]

1. d4 d5 2. c4 c6 3. Nc3 Nf6 4. Nf3 Nbd7 5. cxd5 cxd5 6. Bg5 e6 7. e3 a6 8. Bd3
Bd6 9. O-O O-O 10. e4 dxe4 11. Nxe4 Be7 12. Qe2 h6 13. Bd2 Nxe4 14. Bxe4 Nf6
15. Bd3 Qb6 16. Bc3 Nd5 17. Ne5 Nf4 18. Qe4 Nxd3 19. Qxd3 Rd8 20. Rfd1 Rd5 21.
Rd2 Qd8 22. Rad1 Bd7 23. Qf3 Bf6 24. Ng4 Bc6 25. Qg3 Rg5 26. Qh3 h5 27. Ne3 Bd5
28. b3 Rg6 29. f4 h4 30. f5 Rg5 31. fxe6 fxe6 32. Re2 Rc8 33. Be1 Rh5 34. Ng4
Bg5 35. Ne5 Rc7 36. Ba5 Qe7 37. Bxc7 Qxc7 38. Qg4 1-0

[Event "18. Open de Gros 2008"]
[Site "San Sebastián ESP"]
[Date "2008.09.20"]
[Round "1.14"]
[White "Sanchez Jimenez, Joseba"]
[Black "Roldan Riaga, Roberto"]
[Result "0-1"]
[WhiteElo "1642"]
[BlackElo "2028"]
[PlyCount "48"]
[EventDate "2008.09.20"]
[EventType "swiss"]
[EventRounds "9"]
[EventCountry "ESP"]
[Source "lmi"]
[SourceDate "2008.09.20"]

1. e4 c5 2. Nf3 e6 3. d4 cxd4 4. Nxd4 Nf6 5. Nc3 Bb4 6. Bd2 Nc6 7. Nxc6 bxc6 8.
Bd3 d5 9. exd5 cxd5 10. Qf3 O-O 11. O-O-O Bb7 12. Qe2 Rc8 13. Rde1 Qa5 14. Kb1
d4 15. Ne4 Bxe4 16. Bxb4 Qxb4 17. Bxe4 Rb8 18. b3 Rb5 19. Bd3 Ra5 20. c3 Qxc3
21. Qc2 Qb4 22. Qb2 Nd5 23. Rc1 Nc3+ 24. Kc2 Rxa2 0-1

[Event "18. Open de Gros 2008"]
[Site "San Sebastián ESP"]
[Date "2008.09.20"]
[Round "1.15"]
[White "Darrigues, Alain"]
[Black "Arcelus Calamundi, Inaki"]
[Result "1-0"]
[WhiteElo "2012"]
[BlackElo "1636"]
[PlyCount "49"]
[EventDate "2008.09.20"]
[EventType "swiss"]
[EventRounds "9"]
[EventCountry "ESP"]
[Source "lmi"]
[SourceDate "2008.09.20"]

1. d4 d5 2. c4 Nf6 3. cxd5 Nxd5 4. e4 Nb6 5. Nc3 e6 6. Nf3 Bb4 7. Bd3 Nc6 8.
O-O Nxd4 9. Nxd4 Qxd4 10. Bb5+ Qd7 11. Bxd7+ Bxd7 12. Bf4 O-O-O 13. Qb3 Bxc3
14. Qxc3 Bc6 15. Qe5 Na8 16. Rac1 Rhe8 17. b4 f6 18. Qa5 Kb8 19. b5 b6 20. Qc3
e5 21. Bxe5 fxe5 22. bxc6 Rd4 23. Rfd1 Ra4 24. Qxe5 Rxe4 25. Qxe4 1-0

[Event "18. Open de Gros 2008"]
[Site "San Sebastián ESP"]
[Date "2008.09.20"]
[Round "1.16"]
[White "Baena Salado, Mikel"]
[Black "Tung, Kai Ming"]
[Result "0-1"]
[WhiteElo "1627"]
[BlackElo "1989"]
[PlyCount "62"]
[EventDate "2008.09.20"]
[EventType "swiss"]
[EventRounds "9"]
[EventCountry "ESP"]
[Source "lmi"]
[SourceDate "2008.09.20"]

1. e4 e6 2. d4 d5 3. exd5 exd5 4. Bd3 Bd6 5. Nc3 c6 6. Nf3 Bg4 7. O-O Qc7 8.
Re1+ Ne7 9. h3 Bh5 10. Be2 Nd7 11. Ng5 Bxe2 12. Qxe2 h6 13. Nf3 O-O-O 14. Ne5
Bxe5 15. dxe5 g5 16. e6 fxe6 17. Qxe6 Rde8 18. Bd2 Qb6 19. b3 Rhf8 20. Re2 Nf5
21. Qxe8+ Rxe8 22. Rxe8+ Kc7 23. Ne2 Qc5 24. c3 Nf6 25. Re6 Ne4 26. Be1 Kd7 27.
Re5 Nh4 28. c4 Qd6 29. f4 gxf4 30. Rh5 f3 31. gxf3 Qg6+ 0-1

[Event "18. Open de Gros 2008"]
[Site "San Sebastián ESP"]
[Date "2008.09.21"]
[Round "2.1"]
[White "Lakunza Oyarbide, Juan Carlos"]
[Black "Paunovic, Dragan"]
[Result "1/2-1/2"]
[WhiteElo "2122"]
[BlackElo "2539"]
[PlyCount "135"]
[EventDate "2008.09.20"]
[EventType "swiss"]
[EventRounds "9"]
[EventCountry "ESP"]
[Source "lmi"]
[SourceDate "2008.09.20"]

1. d4 d6 2. c4 e5 3. dxe5 dxe5 4. Qxd8+ Kxd8 5. Nc3 Be6 6. b3 c6 7. g3 Nd7 8.
Bh3 Bxh3 9. Nxh3 f6 10. Be3 Ne7 11. O-O Nf5 12. Bd2 Ke8 13. f4 Bc5+ 14. Kh1 Ne3
15. Rf3 Ng4 16. Ne4 Be7 17. f5 Nc5 18. Nhf2 h5 19. h3 Kf7 20. Kg2 Nxf2 21. Nxf2
Rhd8 22. Bb4 Na6 23. Bxe7 Kxe7 24. Ne4 Rd4 25. Nc3 Rad8 26. Rff1 Nb4 27. Kf2
Rd2 28. Ne4 Rc2 29. a3 Na2 30. Rfd1 Nc3 31. Nxc3 Rxc3 32. Rxd8 Kxd8 33. Rd1+
Ke7 34. Rd3 Rc1 35. Kg2 Rb1 36. Kf2 a5 37. e4 Rb2+ 38. Kf3 b5 39. cxb5 cxb5 40.
h4 Kf7 41. Rc3 Kg8 42. Ke3 b4 43. axb4 axb4 44. Rd3 Kh7 45. Kf3 Kh6 46. Ke3 g5
47. fxg6 Kxg6 48. Kf3 Kf7 49. g4 Kg6 50. Kg3 Rb1 51. g5 Rg1+ 52. Kf3 fxg5 53.
Rd6+ Kf7 54. hxg5 Rxg5 55. Rb6 h4 56. Rxb4 Rg3+ 57. Kf2 Kf6 58. Rb8 Rc3 59.
Rf8+ Ke6 60. Rh8 h3 61. Rh6+ Kd7 62. b4 Rb3 63. b5 Rb2+ 64. Kg3 Rxb5 65. Kxh3
Rb4 66. Kg3 Rxe4 67. Kf3 Rc4 68. Ke3 1/2-1/2

[Event "18. Open de Gros 2008"]
[Site "San Sebastián ESP"]
[Date "2008.09.21"]
[Round "2.2"]
[White "Ninov, Nikolai"]
[Black "Maruejols, Claude"]
[Result "1-0"]
[WhiteElo "2515"]
[BlackElo "2044"]
[PlyCount "99"]
[EventDate "2008.09.20"]
[EventType "swiss"]
[EventRounds "9"]
[EventCountry "ESP"]
[Source "lmi"]
[SourceDate "2008.09.20"]

1. e4 c5 2. Nf3 d6 3. d4 cxd4 4. Nxd4 Nf6 5. Nc3 a6 6. h3 e6 7. g4 d5 8. exd5
Nxd5 9. Nxd5 Qxd5 10. Rg1 e5 11. Nb3 Qxd1+ 12. Kxd1 Nc6 13. Be3 Be7 14. Bg2 h5
15. g5 Bf5 16. Bb6 O-O 17. c3 Bd8 18. Bc5 Re8 19. h4 Rc8 20. Be3 b6 21. Kd2 a5
22. a4 Ne7 23. Rh1 Rc4 24. Bf1 Rc8 25. Ba6 Ra8 26. Bb5 Rf8 27. Ke2 Nd5 28. Bc6
Nxe3 29. Bxa8 Nc4 30. Bc6 Be7 31. Bb5 Rc8 32. Nd2 Nd6 33. Bd3 e4 34. Bc2 f6 35.
gxf6 Bxf6 36. Rae1 e3 37. Bxf5 Nxf5 38. Nf3 Rc4 39. fxe3 Ng3+ 40. Kd3 Rxa4 41.
Rh2 Nf5 42. e4 Nh6 43. b3 Ra3 44. e5 Be7 45. Nd4 Ng4 46. Rhe2 Kf7 47. e6+ Ke8
48. Kc4 Bxh4 49. Rh1 Bf6 50. Nb5 1-0

[Event "18. Open de Gros 2008"]
[Site "San Sebastián ESP"]
[Date "2008.09.21"]
[Round "2.3"]
[White "Roldan Riaga, Roberto"]
[Black "Meijers, Viesturs"]
[Result "0-1"]
[WhiteElo "2028"]
[BlackElo "2496"]
[PlyCount "84"]
[EventDate "2008.09.20"]
[EventType "swiss"]
[EventRounds "9"]
[EventCountry "ESP"]
[Source "lmi"]
[SourceDate "2008.09.20"]

1. e4 c5 2. Nf3 e6 3. d4 cxd4 4. Nxd4 a6 5. Nc3 b5 6. Bd3 Bb7 7. O-O b4 8. Nce2
Nf6 9. Bg5 h6 10. Bxf6 Qxf6 11. f4 h5 12. e5 Qd8 13. f5 Qg5 14. Rf2 Bc5 15. c3
Nc6 16. Be4 Qe3 17. Bxc6 Bxc6 18. cxb4 Ba7 19. Rc1 O-O 20. Rc3 Qxe5 21. Kh1 Be4
22. f6 g6 23. Rf1 Rad8 24. Qd2 Kh7 25. Nf3 Bxf3 26. Rcxf3 d5 27. Nf4 Bb8 28.
Qd1 Rh8 29. Rh3 Kg8 30. Nd3 Qd6 31. Nc5 Qc6 32. Qd2 d4 33. Ra3 a5 34. Rxa5 Qc7
35. g3 h4 36. g4 h3 37. Ra3 Rh4 38. Rff3 Rxg4 39. Rxh3 Qc6+ 40. Raf3 Bf4 41.
Qd3 Be3 42. Qf1 d3 0-1

[Event "18. Open de Gros 2008"]
[Site "San Sebastián ESP"]
[Date "2008.09.21"]
[Round "2.4"]
[White "Simutowe, Amon"]
[Black "Darrigues, Alain"]
[Result "1-0"]
[WhiteElo "2458"]
[BlackElo "2012"]
[PlyCount "71"]
[EventDate "2008.09.20"]
[EventType "swiss"]
[EventRounds "9"]
[EventCountry "ESP"]
[Source "lmi"]
[SourceDate "2008.09.20"]

1. c4 e5 2. Nc3 Nc6 3. g3 g6 4. Bg2 Bg7 5. Rb1 a5 6. a3 Nf6 7. e3 d6 8. Nge2
Bf5 9. d3 Qd7 10. h3 h5 11. Nd5 O-O 12. Nec3 Rfb8 13. b4 axb4 14. axb4 Kf8 15.
b5 Ne7 16. e4 Be6 17. b6 Bxd5 18. bxc7 Qxc7 19. exd5 Nf5 20. Nb5 Qc5 21. O-O
Ra2 22. Nc3 Ra6 23. Bg5 Nh7 24. Ne4 Qd4 25. Bc1 Kg8 26. g4 hxg4 27. hxg4 Bh6
28. gxf5 Bxc1 29. fxg6 fxg6 30. Qxc1 Qxd3 31. Rd1 Qa3 32. Qh6 Nf8 33. c5 dxc5
34. d6 c4 35. Nc5 Kf7 36. Bd5+ 1-0

[Event "18. Open de Gros 2008"]
[Site "San Sebastián ESP"]
[Date "2008.09.21"]
[Round "2.5"]
[White "Saenz Zabala, Juan Ignacio"]
[Black "Inkiov, Ventzislav"]
[Result "0-1"]
[WhiteElo "1857"]
[BlackElo "2446"]
[PlyCount "28"]
[EventDate "2008.09.20"]
[EventType "swiss"]
[EventRounds "9"]
[EventCountry "ESP"]
[Source "lmi"]
[SourceDate "2008.09.20"]

1. e4 c5 2. f4 d5 3. Nf3 dxe4 4. Ng5 Bf5 5. g4 Bd7 6. Bc4 e6 7. Qe2 Nf6 8. Nc3
Nc6 9. Ngxe4 Nd4 10. Qd1 Nxe4 11. Nxe4 Bc6 12. d3 b5 13. c3 bxc4 14. cxd4 Qxd4
0-1

[Event "18. Open de Gros 2008"]
[Site "San Sebastián ESP"]
[Date "2008.09.21"]
[Round "2.6"]
[White "Spassov, Liuben"]
[Black "Olmo Vega, Diego"]
[Result "1-0"]
[WhiteElo "2428"]
[BlackElo "1978"]
[PlyCount "75"]
[EventDate "2008.09.20"]
[EventType "swiss"]
[EventRounds "9"]
[EventCountry "ESP"]
[Source "lmi"]
[SourceDate "2008.09.20"]

1. d4 Nf6 2. c4 g6 3. Nc3 Bg7 4. e4 d6 5. f3 O-O 6. Bg5 c5 7. d5 Na6 8. Qd2 Nc7
9. Bd3 e6 10. Nge2 exd5 11. cxd5 a6 12. a4 Rb8 13. Rb1 b5 14. axb5 Nxb5 15.
Bxb5 axb5 16. b4 c4 17. O-O Qb6+ 18. Be3 Qd8 19. Ra1 Bd7 20. Ra5 Ne8 21. Bd4 f5
22. exf5 Rxf5 23. Ng3 Rf7 24. Nge4 Qh4 25. Bxg7 Kxg7 26. Ra7 Qd8 27. Qd4+ Kg8
28. Rfa1 Qb6 29. Qxb6 Rxb6 30. R7a6 Rxa6 31. Rxa6 Kf8 32. Nxd6 Nxd6 33. Rxd6
Be8 34. Ra6 Re7 35. Kf2 Re5 36. Ra7 h6 37. d6 Bc6 38. Rc7 1-0

[Event "18. Open de Gros 2008"]
[Site "San Sebastián ESP"]
[Date "2008.09.21"]
[Round "2.7"]
[White "Mitt, Hando"]
[Black "Argandona Riveiro, Inigo"]
[Result "0-1"]
[WhiteElo "1826"]
[BlackElo "2375"]
[PlyCount "88"]
[EventDate "2008.09.20"]
[EventType "swiss"]
[EventRounds "9"]
[EventCountry "ESP"]
[Source "lmi"]
[SourceDate "2008.09.20"]

1. d4 d5 2. Nf3 c6 3. e3 Nd7 4. Nc3 f5 5. Nh4 Ndf6 6. Bd3 e6 7. g3 Nh6 8. Bd2
Nf7 9. Qe2 Bd7 10. f3 c5 11. dxc5 Bxc5 12. e4 fxe4 13. fxe4 d4 14. Nd1 e5 15.
Bb5 Nd6 16. Bxd7+ Qxd7 17. Nf2 O-O 18. Nf5 Nxf5 19. Qc4+ Rf7 20. Qxc5 Nd6 21.
Qxe5 Re8 22. Qxd4 Ndxe4 23. Qxd7 Rxd7 24. Be3 Nxf2 25. Kxf2 Ng4+ 26. Kf3 Nxe3
27. g4 Rf7+ 28. Kg3 Ref8 29. Rag1 g5 30. h4 Rf3+ 31. Kh2 Nf1+ 32. Rxf1 Rxf1 33.
Rxf1 Rxf1 34. Kg2 Rc1 35. c3 gxh4 36. Kh3 Rc2 37. Kxh4 Rxb2 38. Kg5 Rxa2 39.
Kf6 Re2 40. g5 a5 41. g6 a4 42. gxh7+ Kxh7 43. Kf5 a3 44. Kf4 a2 0-1

[Event "18. Open de Gros 2008"]
[Site "San Sebastián ESP"]
[Date "2008.09.21"]
[Round "2.8"]
[White "Marholev, Dimitar"]
[Black "Ezkerro Hernandez, Pablo"]
[Result "1-0"]
[WhiteElo "2366"]
[BlackElo "1836"]
[PlyCount "54"]
[EventDate "2008.09.20"]
[EventType "swiss"]
[EventRounds "9"]
[EventCountry "ESP"]
[Source "lmi"]
[SourceDate "2008.09.20"]

1. e4 e6 2. d4 c5 3. Nf3 Nf6 4. e5 Nd5 5. c4 Nc7 6. d5 d6 7. Bg5 Be7 8. Bxe7
Qxe7 9. dxe6 Qxe6 10. Qxd6 Qxd6 11. exd6 Ne6 12. Nc3 Nc6 13. O-O-O Kd7 14. g3
Ned4 15. Nxd4 Nxd4 16. Nb5 Nxb5 17. Bh3+ Kc6 18. cxb5+ Kxb5 19. d7 Bxd7 20.
Rxd7 b6 21. Rhd1 Rhf8 22. Bf1+ Ka5 23. Bg2 Rac8 24. Rxa7+ Kb5 25. Rd6 c4 26.
Rb7 c3 27. Rbxb6+ Kc4 1-0

[Event "18. Open de Gros 2008"]
[Site "San Sebastián ESP"]
[Date "2008.09.21"]
[Round "2.9"]
[White "Martin Alvarez, Inigo"]
[Black "Cantabrana Garona, Alejandro"]
[Result "1-0"]
[WhiteElo "2200"]
[BlackElo "1824"]
[PlyCount "28"]
[EventDate "2008.09.20"]
[EventType "swiss"]
[EventRounds "9"]
[EventCountry "ESP"]
[Source "lmi"]
[SourceDate "2008.09.20"]

1. e4 c5 2. Nf3 e6 3. d4 cxd4 4. Nxd4 Nf6 5. Nc3 a6 6. e5 Ng8 7. Bd3 d5 8. a4
Nc6 9. Nf3 Nge7 10. Bf4 Ng6 11. Bg3 Qb6 12. Rb1 Bb4 13. O-O Bxc3 14. bxc3 O-O
1-0

[Event "18. Open de Gros 2008"]
[Site "San Sebastián ESP"]
[Date "2008.09.21"]
[Round "2.10"]
[White "Perez Ibanez, Daniel"]
[Black "Sanz Perez, Eduardo"]
[Result "0-1"]
[WhiteElo "1411"]
[BlackElo "2154"]
[PlyCount "54"]
[EventDate "2008.09.20"]
[EventType "swiss"]
[EventRounds "9"]
[EventCountry "ESP"]
[Source "lmi"]
[SourceDate "2008.09.20"]

1. e4 e6 2. Nf3 d5 3. d3 Nf6 4. Nc3 c5 5. Be2 Nc6 6. Be3 d4 7. Bg5 dxc3 8. bxc3
Be7 9. O-O O-O 10. d4 Nxe4 11. Bxe7 Qxe7 12. dxc5 Nxc3 13. Qd3 Nxe2+ 14. Qxe2
Qxc5 15. Rad1 e5 16. Rfe1 Bg4 17. Qe4 f5 18. Qd5+ Qxd5 19. Rxd5 Bxf3 20. gxf3
Rad8 21. Rxd8 Rxd8 22. Kg2 Rd2 23. Rb1 b6 24. Rb3 Kf7 25. Rc3 Rd6 26. Rd3 Rxd3
27. cxd3 Nb4 0-1